000 00694nam a22002057a 4500
999 _c14209
_d14209
003 AR-CdUCM
008 190422b ||||| |||| 00| 0 spa d
020 _a978-607-404-472-0
040 _aMUNICIPALIDAD PROVINCIAL DEL CUSCO
_cBIBLIOTECA MUNICIPAL DEL CUSCO
041 _heng
082 _aPI / 376.1 /
_bD82
110 _aDisney enterprises
_932870
245 _aLa casa de Mickey Mouse :
_bdiversión en grande /
260 _aMéxico :
_bDisney enterprises,
_c2011.
300 _a32 páginas ;
_bIlustraciones,
_c30 cm.
_e12 cubos
650 _aCuentos infantiles
_93927
700 _aTorre Fernández, Adriana De La (traductor)
_932890
942 _2ddc
_cLIBROS
945 _aacv
_d2019-04-22